Normal view
MARC view
- Aamir, Zahid Munir
Entry Personal Name
001 - CONTROL NUMBER
- control field: 110158
003 - CONTROL NUMBER IDENTIFIER
- control field: NUST
005 - DATE AND TIME OF LATEST TRANSACTION
- control field: 20230310165254.0
008 - FIXED-LENGTH DATA ELEMENTS
- fixed length control field: 230310|| aca||aabn | a|a d
040 ## - CATALOGING SOURCE
- Original cataloging agency: NUST
- Transcribing agency: NUST
100 ## - HEADING--PERSONAL NAME
- Personal name: Aamir, Zahid Munir
670 ## - SOURCE DATA FOUND
- Source citation: Work cat.: (NUST)188102: Aamir, Zahid Munir , Lamho ka karz /, 1989
